MARC details
| 000 -CABECERA |
| campo de control de longitud fija |
02174cam a22003498i 4500 |
| 001 - NÚMERO DE CONTROL |
| campo de control |
991027473458707026 |
| 003 - IDENTIFICADOR DEL NÚMERO DE CONTROL |
| campo de control |
UkOxU |
| 005 - FECHA Y HORA DE LA ÚLTIMA TRANSACCIÓN |
| campo de control |
20260305150323.0 |
| 007 - CAMPO FIJO DE DESCRIPCIÓN FÍSICA--INFORMACIÓN GENERAL |
| campo de control de longitud fija |
t| |
| 008 - DATOS DE LONGITUD FIJA--INFORMACIÓN GENERAL |
| campo de control de longitud fija |
250901s2026 enk b 000 0 eng d |
| 015 ## - NÚMERO DE BIBLIOGRAFÍA NACIONAL |
| Número de bibliografía nacional |
GBC5C2891 |
| Fuente |
bnb |
| 016 7# - NÚMERO DE CONTROL DE UNA AGENCIA BIBLIOGRÁFICA NACIONAL |
| Número de control del registro |
300634949 |
| Fuente |
Uk |
| 020 ## - NÚMERO INTERNACIONAL ESTÁNDAR DEL LIBRO |
| Número Internacional Estándar del Libro |
9780571399277 |
| Información calificativa |
paperback |
| 020 ## - NÚMERO INTERNACIONAL ESTÁNDAR DEL LIBRO |
| Número Internacional Estándar del Libro |
0571399274 |
| 020 ## - NÚMERO INTERNACIONAL ESTÁNDAR DEL LIBRO |
| ISBN cancelado o inválido |
9780571399284 |
| Información calificativa |
ePub ebook |
| 024 8# - IDENTIFICADOR DE OTROS ESTÁNDARES |
| Número estándar o código |
CIPO000304350 |
| 035 ## - NÚMERO DE CONTROL DEL SISTEMA |
| Número de control de sistema |
(OCoLC)1534685565 |
| 035 ## - NÚMERO DE CONTROL DEL SISTEMA |
| Número de control de sistema |
(OCoLC)on1534685565 |
| 040 ## - FUENTE DE LA CATALOGACIÓN |
| Centro catalogador/agencia de origen |
UKMGB |
| Lengua de catalogación |
eng |
| Normas de descripción |
rda |
| Centro/agencia transcriptor |
UKMGB |
| Centro/agencia modificador |
OCLCO |
| -- |
YDX |
| -- |
UkOxU |
| 041 ## - CÓDIGO DE LENGUA |
| Código de lengua del texto/banda sonora o título independiente |
English |
| 100 ## - ENTRADA PRINCIPAL--NOMBRE DE PERSONA |
| Nombre de persona |
Muldoon, James, - 1985- author. |
| Fechas asociadas al nombre |
1985- |
| Término indicativo de función/relación |
author. |
| URI de un objeto del mundo real |
https://id.oclc.org/worldcat/entity/E39PCjHwpXgk7KqpFVtYhwgvVC |
| -- |
https://isni.org/isni/0000000433854221 |
| 245 10 - MENCIÓN DE TÍTULO |
| Título |
Love machines |
| Resto del título |
: how artificial intelligence is transforming our relationships |
| Mención de responsabilidad, etc. |
/ James Muldoon. |
| 264 #1 - PRODUCCIÓN, PUBLICACIÓN, DISTRIBUCIÓN, FABRICACIÓN Y COPYRIGHT |
| Producción, publicación, distribución, fabricación y copyright |
London : |
| Nombre del de productor, editor, distribuidor, fabricante |
Faber & Faber, |
| Fecha de producción, publicación, distribución, fabricación o copyright |
2026. |
| 300 ## - DESCRIPCIÓN FÍSICA |
| Extensión |
266 pages ; |
| Dimensiones |
20 cm |
| 504 ## - NOTA DE BIBLIOGRAFÍA, ETC. |
| Nota de bibliografía, etc. |
Includes bibliographical references. |
| 520 ## - SUMARIO, ETC. |
| Sumario, etc. |
Friends. Lovers. Therapists. ‘Deathbots’. Artificial intelligence is now fulfilling new roles for millions of us every single day. How are these new ‘relationships’ changing how we view technology – and each other?<br/><br/>Beyond those who are using AI chatbots for administrative tasks, some people are now preparing to adopt children with their AI partners; others are reaching out to companies offering services to ‘resurrect’ deceased loved ones; others still look to bots to find treatment for their mental health issues.<br/><br/>In Love Machines, James Muldoon guides through these new forms of love, intimacy and connection, drawing on compelling interviews with users, developers and chatbots themselves. Along the way, he sheds light on the social conditions which have led to the exponential rise of the use of AI companions, and the unregulated corporations behind these technologies seeking to profit from users. |
| 650 #0 - PUNTO DE ACCESO ADICIONAL DE MATERIA--TÉRMINO DE MATERIA |
| Término de materia o nombre geográfico como elemento de entrada |
Artificial intelligence |
| Subdivisión general |
Social aspects |
| 9 (RLIN) |
25236 |
| 650 #0 - PUNTO DE ACCESO ADICIONAL DE MATERIA--TÉRMINO DE MATERIA |
| Término de materia o nombre geográfico como elemento de entrada |
Human-computer interaction |
| 9 (RLIN) |
25617 |
| 650 #0 - PUNTO DE ACCESO ADICIONAL DE MATERIA--TÉRMINO DE MATERIA |
| Término de materia o nombre geográfico como elemento de entrada |
Artificial intelligence |
| Subdivisión general |
Social aspects |
| Fuente del encabezamiento o término |
fast |
| 9 (RLIN) |
25236 |
| 650 #0 - PUNTO DE ACCESO ADICIONAL DE MATERIA--TÉRMINO DE MATERIA |
| Término de materia o nombre geográfico como elemento de entrada |
Human-computer interaction |
| Fuente del encabezamiento o término |
fast |
| 9 (RLIN) |
25617 |
| 942 ## - ELEMENTOS DE ENTRADA AGREGADA (KOHA) |
| Fuente del sistema de clasificación o colocación |
Clasificación de Library of Congress |